[Event "Aut_chT"]
[Site "Jenbach"]
[Date "2003.01.24"]
[Round "6.1"]
[White "Schlosser, Michael"]
[Black "Sprotte, Norbert"]
[Result "1-0"]
[WhiteElo "2344"]
[BlackElo "2260"]
[PlyCount "87"]
[EventDate "2003.01.23"]

1. e4 e6 2. d4 d5 3. Nc3 Bb4 4. e5 c5 5. a3 Bxc3+ 6. bxc3 Qc7 7. Nf3 Ne7 8. h4
b6 9. Bb5+ Bd7 10. a4 Nbc6 11. h5 h6 12. Rb1 Na5 13. Rh4 cxd4 14. cxd4 Rc8 15.
Rg4 Bxb5 16. axb5 Nf5 17. Rb2 Qc3+ 18. Kf1 Nc4 19. Rb3 Qa1 20. Rf4 Na5 21. Rb4
Qc3 22. Rb2 Nc4 23. Rb3 Qa1 24. g4 Ne7 25. Kg2 Rf8 26. Nh4 Rc7 27. Rff3 Rg8 28.
Rg3 g5 29. hxg6 fxg6 30. Rh3 g5 31. Nf3 Rg6 32. Ng1 Ng8 33. Qd3 Rgg7 34. Ne2
Na5 35. Rb4 Rc4 36. Rb2 Ra4 37. Nc3 Ra3 38. Rb1 Qxb1 39. Bxa3 Qa1 40. Nxd5 exd5
41. Qf5 Ne7 42. Bxe7 Rxe7 43. Qc8+ Kf7 44. Rf3+ 1-0

[Event "Aut_chT"]
[Site "Jenbach"]
[Date "2003.01.24"]
[Round "6.1"]
[White "Beck, Hartmuth"]
[Black "Kotz, Heinz Peter"]
[Result "1/2-1/2"]
[WhiteElo "2257"]
[BlackElo "2325"]
[PlyCount "77"]
[EventDate "2003.01.23"]

1. d4 Nf6 2. c4 g6 3. Nc3 Bg7 4. e4 d6 5. f4 O-O 6. Nf3 Bg4 7. Be3 Nfd7 8. h3
Bxf3 9. Qxf3 e5 10. dxe5 dxe5 11. f5 Nc6 12. O-O-O Nd4 13. Qf2 a5 14. g4 Nc5
15. h4 Ra6 16. Bg2 Rd6 17. h5 c6 18. g5 f6 19. hxg6 fxg5 20. Rxh7 Ndb3+ 21.
axb3 Rxd1+ 22. Nxd1 Nd3+ 23. Kb1 Nxf2 24. Nxf2 a4 25. b4 c5 26. Bxc5 Qd2 27.
Bxf8 Kxf8 28. f6 Qxf2 29. Rxg7 Qxg2 30. Rf7+ Kg8 31. Rg7+ Kf8 32. Rf7+ Ke8 33.
Re7+ Kd8 34. g7 Qf1+ 35. Ka2 Qxc4+ 36. Ka1 Qf1+ 37. Ka2 Qc4+ 38. Ka1 Qf1+ 39.
Ka2 1/2-1/2

[Event "Aut_chT"]
[Site "Jenbach"]
[Date "2003.01.24"]
[Round "6.2"]
[White "Almasi, Zoltan"]
[Black "Dorfman, Iossif"]
[Result "1/2-1/2"]
[WhiteElo "2676"]
[BlackElo "2610"]
[PlyCount "101"]
[EventDate "2003.01.23"]

1. e4 c5 2. Nf3 e6 3. d4 cxd4 4. Nxd4 a6 5. Bd3 Nf6 6. O-O Qc7 7. Qe2 d6 8. c4
g6 9. Nc3 Bg7 10. Rd1 O-O 11. Nf3 Nc6 12. h3 Nd7 13. Be3 Bxc3 14. bxc3 f6 15.
Bc2 Nc5 16. Nh2 e5 17. Bh6 Rd8 18. Ng4 Qe7 19. Ne3 Be6 20. Nd5 Qf7 21. Be3 Rac8
22. Bxc5 dxc5 23. Rab1 Na5 24. Rf1 Kg7 25. Kh1 Rf8 26. Bd3 Bxd5 27. cxd5 c4 28.
Bc2 b5 29. a4 Qd7 30. axb5 axb5 31. Qe3 Nb7 32. Bd1 Rc5 33. Ra1 Rc7 34. Ra6 Nd6
35. Bg4 Qe7 36. Be6 g5 37. Rfa1 Rb8 38. h4 h6 39. Ra7 b4 40. Qc5 Rbb7 41. Rxb7
Nxb7 42. Qxe7+ Rxe7 43. cxb4 c3 44. b5 Nd6 45. b6 Rb7 46. Rc1 Nxe4 47. f3 Ng3+
48. Kh2 Ne2 49. Rc2 Nd4 50. Rxc3 Nxe6 51. dxe6 1/2-1/2

[Event "Aut_chT"]
[Site "Jenbach"]
[Date "2003.01.24"]
[Round "6.2"]
[White "Baburin, Alexander"]
[Black "Pinter, Jozsef"]
[Result "1/2-1/2"]
[WhiteElo "2558"]
[BlackElo "2562"]
[PlyCount "51"]
[EventDate "2003.01.23"]

1. d4 Nf6 2. c4 e6 3. Nc3 Bb4 4. Qc2 O-O 5. a3 Bxc3+ 6. Qxc3 b6 7. Bg5 Bb7 8.
e3 d6 9. f3 Nbd7 10. Bd3 c5 11. Ne2 Rc8 12. Qb3 cxd4 13. exd4 Ba6 14. Rc1 h6
15. Bxf6 Nxf6 16. Qa4 Bb7 17. O-O Bc6 18. Qd1 Qd7 19. b4 a6 20. Nc3 Qa7 21. Kh1
Rfd8 22. Qe2 Ba8 23. Rfd1 Rb8 24. Rb1 Re8 25. a4 Qc7 26. Qf2 1/2-1/2

[Event "Aut_chT"]
[Site "Jenbach"]
[Date "2003.01.24"]
[Round "6.2"]
[White "Baumegger, Siegfried"]
[Black "Beim, Valeri"]
[Result "1/2-1/2"]
[WhiteElo "2350"]
[BlackElo "2553"]
[PlyCount "64"]
[EventDate "2003.01.23"]

1. e4 d6 2. d4 g6 3. c4 Bg7 4. Nc3 e5 5. d5 Nf6 6. Nf3 O-O 7. Bg5 h6 8. Bh4 Qe8
9. Nd2 Nh5 10. f3 f5 11. Qc2 a5 12. O-O-O Na6 13. Kb1 Bd7 14. Nb3 b6 15. Qd2 a4
16. Nc1 Nc5 17. Nd3 Nf4 18. Nxc5 bxc5 19. Bf2 fxe4 20. fxe4 g5 21. g3 Nh5 22.
Be3 Qg6 23. Qg2 Nf6 24. Bd3 Rf7 25. h3 g4 26. h4 a3 27. Rhf1 axb2 28. Rd2 Rff8
29. Rxb2 Qe8 30. Rb3 Qe7 31. Bc1 Be8 32. Nd1 Ba4 1/2-1/2

[Event "Aut_chT"]
[Site "Jenbach"]
[Date "2003.01.24"]
[Round "6.2"]
[White "Mahdy, Khaled"]
[Black "Wach, Markus"]
[Result "1-0"]
[WhiteElo "2374"]
[BlackElo "2388"]
[PlyCount "103"]
[EventDate "2003.01.23"]

1. e4 c6 2. d4 d5 3. Nd2 dxe4 4. Nxe4 Bf5 5. Ng3 Bg6 6. h4 h6 7. Nf3 Nf6 8. h5
Bh7 9. Bd3 Bxd3 10. Qxd3 e6 11. Bf4 Bd6 12. Bxd6 Qxd6 13. O-O-O Nbd7 14. Kb1
O-O-O 15. Qe2 Qc7 16. Ne5 Rhf8 17. f4 c5 18. c3 Kb8 19. Rhf1 cxd4 20. Rxd4 Nxe5
21. fxe5 Rxd4 22. cxd4 Nd5 23. Ne4 Rd8 24. Rf3 Qe7 25. a3 Ka8 26. Qf2 Rd7 27.
Qg3 f5 28. exf6 Nxf6 29. Nxf6 gxf6 30. Qg6 f5 31. Re3 a6 32. Rxe6 Qh4 33. Qxf5
Qxd4 34. Re1 Rd5 35. Qf8+ Ka7 36. Qxh6 Rb5 37. Qc1 Rxh5 38. Qe3 Qxe3 39. Rxe3
Rg5 40. g3 b5 41. Kc2 Kb6 42. Kd3 Rg4 43. Ke2 Kc5 44. Kf3 Rg8 45. g4 a5 46. Kf4
Rf8+ 47. Kg3 Rg8 48. Re5+ Kc4 49. g5 b4 50. Rxa5 b3 51. Rf5 Kd3 52. Rc5 1-0

[Event "Aut_chT"]
[Site "Jenbach"]
[Date "2003.01.24"]
[Round "6.2"]
[White "Kuba, Guenter"]
[Black "Kleiser, Gregor"]
[Result "1-0"]
[WhiteElo "2307"]
[BlackElo "2201"]
[PlyCount "105"]
[EventDate "2003.01.23"]

1. e4 c5 2. Nf3 e6 3. c3 d5 4. exd5 Qxd5 5. d4 Nf6 6. Bd3 Be7 7. O-O cxd4 8.
cxd4 O-O 9. Nc3 Qd6 10. Ne5 Bd7 11. Bf4 Qb6 12. Re1 Bc6 13. Bg5 Nbd7 14. Nxc6
bxc6 15. Na4 Qc7 16. Rc1 Nd5 17. Bxe7 Nxe7 18. Qf3 Qd6 19. Be4 Rac8 20. Red1
Rfd8 21. Nc5 Nf6 22. Nb7 Qb4 23. Nxd8 Rxd8 24. Bxc6 Qxb2 25. Qb3 Qe2 26. Bf3
Qa6 27. Rc7 Nf5 28. Qc4 Qxc4 29. Rxc4 g5 30. g3 Kg7 31. d5 e5 32. Ra4 Rd7 33.
Bg4 Nxg4 34. Rxg4 Kf6 35. Ra4 Nd4 36. Kg2 g4 37. Ra6+ Kg5 38. d6 Kf5 39. Rc1
Nb5 40. Rc5 Nxd6 41. Rd5 Ke6 42. Rda5 Rc7 43. Rxa7 Rc2 44. R7a6 f5 45. Rb6 Rd2
46. Ra7 h5 47. Raa6 Rd1 48. a4 f4 49. gxf4 exf4 50. Rb4 f3+ 51. Kg3 Rd5 52.
Rbb6 Ke5 53. Rxd6 1-0

[Event "Aut_chT"]
[Site "Jenbach"]
[Date "2003.01.24"]
[Round "6.2"]
[White "Wallner, Alfred"]
[Black "Kilgus, Georg"]
[Result "1/2-1/2"]
[WhiteElo "2242"]
[BlackElo "2346"]
[PlyCount "68"]
[EventDate "2003.01.23"]

1. e4 c5 2. Nf3 d6 3. d4 cxd4 4. Nxd4 Nf6 5. Nc3 a6 6. Be3 Ng4 7. Bg5 h6 8. Bh4
g5 9. Bg3 Bg7 10. h3 Nf6 11. Qf3 Qb6 12. O-O-O Nc6 13. Nxc6 Qxc6 14. e5 Qxf3
15. gxf3 dxe5 16. Bxe5 Bd7 17. Nd5 Nxd5 18. Bxg7 Rh7 19. Be5 f6 20. Bc4 Nf4 21.
Bxf4 gxf4 22. Rhg1 O-O-O 23. h4 Bf5 24. Rxd8+ Kxd8 25. Bg8 Rh8 26. Bd5 b6 27.
Be4 Be6 28. Bd3 a5 29. Rd1 Kc7 30. Re1 Kd6 31. Rd1 Kc7 32. Re1 Kd6 33. Rd1 Kc7
34. Re1 Kd6 1/2-1/2

[Event "Aut_chT"]
[Site "Jenbach"]
[Date "2003.01.24"]
[Round "6.3"]
[White "Wells, Peter"]
[Black "Atlas, Valery"]
[Result "1/2-1/2"]
[WhiteElo "2486"]
[BlackElo "2477"]
[PlyCount "45"]
[EventDate "2003.01.23"]

1. d4 Nf6 2. Bg5 e6 3. e4 h6 4. Bxf6 Qxf6 5. Nc3 Qd8 6. Bd3 Be7 7. Nf3 O-O 8.
O-O d6 9. Re1 Nd7 10. Ne2 Re8 11. e5 dxe5 12. Nxe5 Nf6 13. Nf4 c5 14. c3 cxd4
15. cxd4 Bd7 16. Qb3 Qb6 17. Nxd7 Nxd7 18. Bb5 Qd6 19. Nxe6 Bf6 20. Nc5 Rxe1+
21. Rxe1 Nxc5 22. dxc5 Qxc5 23. Bc4 1/2-1/2

[Event "Aut_chT"]
[Site "Jenbach"]
[Date "2003.01.24"]
[Round "6.3"]
[White "Gustafsson, Jan"]
[Black "Rabiega, Robert"]
[Result "1/2-1/2"]
[WhiteElo "2566"]
[BlackElo "2503"]
[PlyCount "34"]
[EventDate "2003.01.23"]

1. Nf3 d5 2. d4 Nf6 3. c4 dxc4 4. e3 e6 5. Bxc4 c5 6. O-O a6 7. a4 Nc6 8. Qe2
Qc7 9. Nc3 Bd6 10. Bd2 O-O 11. Rac1 b6 12. dxc5 bxc5 13. Bd3 Bb7 14. Ne4 Nxe4
15. Bxe4 f5 16. Bb1 Ne5 17. Ng5 Nf7 1/2-1/2

[Event "Aut_chT"]
[Site "Jenbach"]
[Date "2003.01.24"]
[Round "6.3"]
[White "Paehtz, Thomas"]
[Black "Naumann, Alexander"]
[Result "1/2-1/2"]
[WhiteElo "2459"]
[BlackElo "2524"]
[PlyCount "76"]
[EventDate "2003.01.23"]

1. c4 Nf6 2. Nc3 c5 3. g3 d5 4. cxd5 Nxd5 5. Bg2 Nc7 6. d3 e5 7. Nf3 Nc6 8. O-O
Be7 9. Nd2 O-O 10. Nc4 f6 11. f4 exf4 12. Bxf4 Be6 13. Bxc6 bxc6 14. Na5 Qd7
15. Qa4 Nb5 16. Nxc6 Nxc3 17. Nxe7+ Kf7 18. Qxd7 Nxe2+ 19. Kf2 Bxd7 20. Bd6
Rfd8 21. Bxc5 Nd4 22. Bxd4 Kxe7 23. Bc5+ Kf7 24. d4 Be6 25. b4 a6 26. Rfe1 Re8
27. a4 Bc4 28. Rxe8 Rxe8 29. Rc1 Bd5 30. Bb6 Ke6 31. Bc7 Kd7 32. Rc5 Bc6 33.
Bb6 Rb8 34. a5 Rc8 35. d5 Bb7 36. Rxc8 Kxc8 37. d6 Kd7 38. Bc7 Bc6 1/2-1/2

[Event "Aut_chT"]
[Site "Jenbach"]
[Date "2003.01.24"]
[Round "6.3"]
[White "Novkovic, Milan"]
[Black "Fahrner, Kurt"]
[Result "1/2-1/2"]
[WhiteElo "2395"]
[BlackElo "2364"]
[PlyCount "74"]
[EventDate "2003.01.23"]

1. Nf3 d5 2. c4 c6 3. e3 Nf6 4. Nc3 a6 5. b3 Bg4 6. Be2 Nbd7 7. d4 e6 8. Bb2
Be7 9. O-O O-O 10. Qc2 Rc8 11. Rfd1 Qc7 12. e4 dxe4 13. Nxe4 Bf5 14. Bd3 Nxe4
15. Bxe4 Bxe4 16. Qxe4 Bf6 17. Rd2 Rfd8 18. Rad1 b5 19. Qc2 Nf8 20. Ba3 Ng6 21.
Bc5 e5 22. g3 h6 23. Qf5 bxc4 24. dxe5 Nxe5 25. Nxe5 c3 26. Rxd8+ Rxd8 27.
Rxd8+ Qxd8 28. Qd3 Qa5 29. Nd7 Bd8 30. a4 Qc7 31. Bb6 c2 32. Be3 Bg5 33. f4 Be7
34. Ne5 Bc5 35. Kf1 Bxe3 36. Qxe3 Qd6 37. Nd3 Qxd3+ 1/2-1/2

[Event "Aut_chT"]
[Site "Jenbach"]
[Date "2003.01.24"]
[Round "6.3"]
[White "Frosch, Erich"]
[Black "Gaertner, Guntram"]
[Result "0-1"]
[WhiteElo "2343"]
[BlackElo "2357"]
[PlyCount "67"]
[EventDate "2003.01.23"]

1. d4 Nf6 2. c4 e6 3. Nf3 b6 4. g3 Bb7 5. Bg2 Be7 6. O-O O-O 7. Nc3 Ne4 8. Qc2
Nxc3 9. Qxc3 c5 10. dxc5 bxc5 11. Rd1 d6 12. Qd3 Nc6 13. Bd2 a5 14. h4 h6 15.
Bc3 e5 16. Qc2 Qc7 17. Nh2 f5 18. Bd5+ Kh8 19. Qd2 Nd4 20. Bxd4 cxd4 21. Rac1
Bxd5 22. cxd5 Qb7 23. e3 dxe3 24. fxe3 f4 25. exf4 exf4 26. gxf4 Bxh4 27. Nf3
Bg3 28. Rc4 Qf7 29. Qd3 Qf5 30. Ne5 dxe5 31. Qxg3 exf4 32. Qf3 Rae8 33. Rd3 Rf6
34. Kf1 0-1

[Event "Aut_chT"]
[Site "Jenbach"]
[Date "2003.01.24"]
[Round "6.3"]
[White "Grabher, Heinz"]
[Black "Ebner, Hubert"]
[Result "0-1"]
[WhiteElo "2227"]
[BlackElo "2235"]
[PlyCount "42"]
[EventDate "2003.01.23"]

1. e4 c5 2. Nf3 Nc6 3. d4 cxd4 4. Nxd4 g6 5. Nc3 Bg7 6. Be3 Nf6 7. Qd2 O-O 8.
O-O-O Ng4 9. Nxc6 bxc6 10. Bg5 Rb8 11. Bc4 Qb6 12. Bb3 Qxf2 13. h3 Qxd2+ 14.
Rxd2 Bf6 15. Bf4 Be5 16. g3 Bxf4 17. gxf4 Nf6 18. e5 Nh5 19. f5 Ng3 20. Rg1
Nxf5 21. Ne4 Rb5 0-1

[Event "Aut_chT"]
[Site "Jenbach"]
[Date "2003.01.24"]
[Round "6.4"]
[White "Kindermann, Stefan"]
[Black "Schmittdiel, Eckhard"]
[Result "1-0"]
[WhiteElo "2516"]
[BlackElo "2491"]
[PlyCount "93"]
[EventDate "2003.01.23"]

1. e4 c5 2. Nf3 Nc6 3. Bb5 g6 4. Bxc6 dxc6 5. d3 Bg4 6. Nbd2 Bg7 7. h3 Bxf3 8.
Nxf3 Nf6 9. O-O O-O 10. Be3 c4 11. e5 Nd5 12. Bg5 cxd3 13. Qxd3 h6 14. Bh4 Qb6
15. c4 Nf4 16. Qe4 g5 17. Bg3 Ne6 18. h4 Rad8 19. Qg4 gxh4 20. Bxh4 Rd7 21. b3
Rfd8 22. Rfe1 c5 23. Bf6 exf6 24. exf6 Kf8 25. fxg7+ Nxg7 26. Qf4 Rd6 27. Ne5
Rf6 28. Qe4 Kg8 29. Ng4 Re6 30. Qf3 Qc6 31. Qxc6 bxc6 32. Rxe6 Nxe6 33. Nxh6+
Kg7 34. Nf5+ Kf8 35. Kf1 Rd2 36. Ke1 Rb2 37. Rd1 Rxa2 38. Rd7 Ra1+ 39. Kd2 Ra2+
40. Ke3 Ra3 41. Ke4 f6 42. Nd6 Ng7 43. Rf7+ Kg8 44. Rxf6 Rxb3 45. Nf5 Nxf5 46.
Rxf5 Rb2 47. Kf3 1-0

[Event "Aut_chT"]
[Site "Jenbach"]
[Date "2003.01.24"]
[Round "6.4"]
[White "Bromberger, Stefan"]
[Black "Kosten, Anthony C"]
[Result "1-0"]
[WhiteElo "2417"]
[BlackElo "2545"]
[Annotator "Bromberger Stefan"]
[PlyCount "83"]
[EventDate "2003.01.23"]

1. e4 {Stefan Bromberger} 1... c5 2. Nf3 d6 3. d4 Nf6 4. Nc3 cxd4 5. Nxd4 a6 6.
Bg5 e6 7. f4 Nc6 {Stefan Bromberger: 'Diese Spielweise hat in den letzten
Jahren einige Anhanger gefunden. Man sollte erwahnen, dass der Ubergang zur
Rauservariante mittels 8.Qd2?! dem Weisen hier keinesfalls anzuraten ist wegen
8...h6 (9.Bh4? Nxe4)'} 8. e5 {
Stefan Bromberger: 'Weis sollte den Fehdehandschuh aufnehmen.'} 8... h6 9. Bh4
g5 (9... dxe5 {Stefan Bromberger} 10. Nxc6 Qxd1+ 11. Rxd1 bxc6 12. fxe5 g5 13.
Bg3 {gilt als nicht so gut fur Schwarz,der viele Schwachen hat, aber}) (9...
Nxd4 {Stefan Bromberger} 10. Qxd4 dxe5 11. Qxd8+ Kxd8 12. fxe5 g5 13. Bg3 Nd7 {
ist eine echte Alternative.}) 10. fxg5 Nd5 {Stefan Bromberger: 'Die
Hauptvarianten entstehen nun nach 10.Nxc6 bc 11.Ne4, doch hatte ich etwas
anderes im Sinn.'} 11. Nxd5 exd5 12. e6 {'!?' Stefan Bromberger.} 12... Bxe6 {
Stefan Bromberger: 'Der bisher ausschlieslich gespielte Zug an dieser Stelle,
obwohl durchaus nicht obligatorisch, wie mein Gegner mir in der spateren
Analyse offenbarte.'} (12... fxe6 $5 {Stefan Bromberger} 13. Qh5+ (13. Nf3 {
Stefan Bromberger} 13... Be7 (13... Qb6 $5 {Stefan Bromberger}) 14. Qd3) 13...
Kd7 14. O-O-O (14. Nxe6 $2 {Stefan Bromberger} 14... Qe7 15. Be2 Qxe6 16. O-O
Kc7 17. Rae1 Be7 $19) (14. Nf3 $6 {Stefan Bromberger} 14... Be7 $15) (14. gxh6
{Stefan Bromberger} 14... Rxh6 15. Qf7+ Be7 16. Nxc6 bxc6 $15) 14... Be7 (14...
Qe8 {Stefan Bromberger} 15. g6 Nxd4 16. Rxd4 Bg7 17. Rf4 $16) (14... Nxd4 {
Stefan Bromberger} 15. Rxd4) 15. Nxe6 $2 Kxe6 16. Qg4+ Kf7 17. Qf4+ (17. Qf3+ {
Stefan Bromberger} 17... Kg7 18. gxh6+ Rxh6) 17... Ke8) 13. Nxc6 bxc6 14. Qd4
hxg5 {
'N' Stefan Bromberger.  Stefan Bromberger: 'Meines Wissens der erste neue Zug'}
(14... Qa5+ {Stefan Bromberger} 15. b4 Bg7 (15... Qa3 {Stefan Bromberger} 16.
g6 $5 {, und zum Beispiel} 16... Rb8 (16... fxg6 $6 {Stefan Bromberger} 17. Bd3
) 17. c3 Rg8 18. Bd3 Bg7 19. Bf6 c5 20. bxc5 dxc5 21. Qe5 $16) 16. Qxg7 Qxb4+
17. Kd1 {Deswegen nahm mein Gegner von dieser Moglichkeit Abstand, und
vielleicht hat Schwarz wirklich nicht genug Angriff!} (17. Kf2 {
Stefan Bromberger} 17... Qxh4+ 18. g3 Rh7 19. Qxh7 Qd4+ 20. Kg2 Qd2+ 21. Kf3 d4
22. Qe4 Kf8 23. Qf4 Bd5+ 24. Kg4 Qxf4+ 25. gxf4 Bxh1 26. Bd3 Bd5 27. gxh6 $14)
17... Kd7 18. Bg3 Bg4+ 19. Kc1 $16) 15. Qxh8 gxh4 16. Bd3 (16. O-O-O {
Stefan Bromberger} 16... Qg5+ 17. Kb1 Qe5 {und Weis muss die Damen tauschen
(Xb2), wonach das starke Zentrum dem Schwarzen schone Kompensation garantiert.}
18. Qxe5 dxe5 $44) 16... Qa5+ {'?!' Stefan Bromberger.} (16... h3 {
Stefan Bromberger} 17. O-O hxg2 (17... Qg5 {Stefan Bromberger} 18. Rf2 (18. g3
{Stefan Bromberger}) 18... Qe5 19. Qh7 $14 {
Vielleicht war dies auch hier die beste Chance.}) 18. Rf2 $1 Qb6 19. Re1 $16)
17. c3 h3 18. g4 {'!!' Stefan Bromberger.  Stefan Bromberger: 'Weis erhoht das
Tempo, anstatt dem Gegner mit 18.g3 Zeit einzuraumen. Im Prinzip hat Schwarz
gute positionelle Trumpfe, doch auch er ist noch unentwickelt. Die
Schlusselfigur im schwarzen Spiel ist der Be6, der dem gesamten Zentrum Halt
verleiht. Ohne ihn bekommen meine Schwerfiguren reichlich Angriffsziele.
Auserdem wird der Bh3 unter gunstigeren Umstanden erobert werden! In der Tat
steht dieser Zug derart im Einklang mit der Stellung, dass ich Alternativen
fast nicht berechnet habe.'} 18... O-O-O (18... Bxg4 {Stefan Bromberger} 19.
Kd2 $1 (19. Rg1 $6 {Stefan Bromberger} 19... Be6 20. Rg8 Ke7 {
und es geht nicht weiter} 21. Kd2 $2 Bh6+) 19... Be6 $16 (19... Kd7 {
Stefan Bromberger} 20. Rhf1 Be6 21. Bf5 $18 {Die weisen Schwerfiguren werden
im Anschluss fur die Vernichtung sorgen. Hier zeigt sich uberdeutlich, wie
wehrlos die schwarze Stellung ohne den Be6 ist}) (19... O-O-O $6 {
Stefan Bromberger} 20. Qd4 {
nebst 21.Qa7. Damen sind eben stets agil und wendig!})) (18... Rb8 {
(Stefan Bromberger)  Wahrscheinlich am zahesten.} 19. O-O $1 (19. b4 {
Stefan Bromberger} 19... Qb6 20. Qxh3 d4 21. Bf5 Bd5 {
kann nur gut fur Schwarz sein.}) 19... Rxb2 20. Rae1 (20. Rxf7 {
Stefan Bromberger} 20... Bxf7 21. Re1+ Be6 22. Rxe6+ Kd7 {
und Weis hat nur das Remis nach} 23. Qxf8 Kxe6 24. Bf5+ Ke5 25. Qg7+ Kf4 26.
Qh6+) 20... Qc5+ 21. Kh1 Rf2 22. Qxh3 (22. Rb1 {Stefan Bromberger} 22... Qe3
23. Rxf2 Qxf2 24. Qxh3 $14) 22... Bg7 23. Bf5 Qxc3 24. Rxe6+ fxe6 25. Qh5+ Ke7
26. Qh4+ Bf6 27. Qxf2 exf5 28. Qxf5 Qe5 29. Qh7+ Bg7 30. h4 $16 Qe4+ 31. Qxe4+
dxe4 32. g5) 19. O-O {'!' Stefan Bromberger.} (19. Qxh3 {Stefan Bromberger}
19... d4 $132) (19. Kd2 $2 {Stefan Bromberger} 19... Qb6 20. Kc2 Qf2+) 19...
Qb6+ 20. Kh1 Qxb2 21. Qxh3 Bg7 {'?!' Stefan Bromberger.  Stefan Bromberger:
'Verliert forciert, doch war guter Rat teuer:'} (21... d4 {Stefan Bromberger}
22. Bf5 {und wieder verschwindet die Schlusselfigur vom Brett} 22... Bxf5 (
22... Qxc3 $2 {Stefan Bromberger} 23. Bxe6+ fxe6 24. Qg2 $40 Bh6 25. g5 $18)
23. gxf5 dxc3 (23... Qxc3 {Stefan Bromberger} 24. Qg2 Bh6 25. Rab1 $16) 24.
Rab1 $40) 22. Rab1 {'?!' Stefan Bromberger.} (22. Bxa6+ {Stefan Bromberger}
22... Kd7 23. Rab1 {fuhrte direkt zur spateren Partiestellung.}) 22... Qa3 23.
Rb6 {Stefan Bromberger: 'Hier gewann wiederum 23.Qh7 schneller, doch beide
Spieler waren knapp an Zeit, so dass eine gewisse Hektik einsetzt.'} 23... Qxc3
{Stefan Bromberger: 'Grosartige Alternativen hatte Schwarz auch hier nicht,
also wenigstens was wegnehmen!'} 24. Bxa6+ Kd7 25. Rb7+ Ke8 26. Qh4 (26. Qh7 {
(Stefan Bromberger)  gewann auch, aber die Racheschacher am Ende waren in der
gegebenen Zeit schwer zu berechnen.} 26... Qe5 (26... Kf8 {Stefan Bromberger}
27. Bd3 $18 {/\Bg6}) 27. Qg8+ Bf8 28. Rfxf7 Qe4+ 29. Kg1 Qxg4+ (29... Qe1+ {
Stefan Bromberger} 30. Kg2 Qe4+ 31. Kf1 Qh1+ 32. Ke2 Qxh2+ 33. Kd1 Qg1+ 34. Kd2
Qd4+ (34... Qh2+ {Stefan Bromberger} 35. Be2 Qh6+ 36. g5) 35. Bd3) 30. Qxg4
Bxg4 $18) 26... Bf8 {'[]' Stefan Bromberger.} 27. Re1 Qf3+ (27... Ra8 {
Stefan Bromberger} 28. Bd3 $1 {/\Rxe6+} 28... Qxd3 29. Qf6 Qe4+ 30. Rxe4 dxe4
31. g5 $18) 28. Kg1 Ra8 29. Rxe6+ fxe6 30. Qh5+ Kd8 31. Qg5+ Ke8 32. Qg6+ Kd8
33. Qg5+ {
Stefan Bromberger: 'Auch bei einer Digitaluhr kann "das Blattchen hangen"!'}
33... Ke8 34. Qg6+ Kd8 35. Qxe6 {Stefan Bromberger: 'Also doch! Mit den
letzten Sekunden gelang es mir, alles durchzurechnen!'} 35... Qd1+ 36. Kg2 Qc2+
(36... Qd2+ {Stefan Bromberger} 37. Be2) 37. Kh3 (37. Kg3 $6 {Stefan Bromberger
} 37... Qc3+ 38. Bd3 $4 (38. Kg2 $18 {Stefan Bromberger}) 38... Qe5+) 37...
Qc3+ 38. Bd3 {
'!' Stefan Bromberger.  Stefan Bromberger: 'Der elegante Schlusspunkt!'} 38...
Qh8+ (38... Qxd3+ {Stefan Bromberger} 39. Kh4 {nebst Matt}) 39. Rh7 Qxh7+ 40.
Bxh7 Ra3+ 41. Kh4 Be7+ 42. g5 1-0

[Event "Aut_chT"]
[Site "Jenbach"]
[Date "2003.01.24"]
[Round "6.4"]
[White "Freitag, Manfred"]
[Black "Duer, Arne"]
[Result "1/2-1/2"]
[WhiteElo "2389"]
[BlackElo "2365"]
[PlyCount "110"]
[EventDate "2003.01.23"]

1. d4 e6 2. c4 Nf6 3. Nf3 Bb4+ 4. Bd2 Qe7 5. g3 O-O 6. Bg2 Bxd2+ 7. Nbxd2 d6 8.
Nf1 e5 9. Ne3 c6 10. O-O e4 11. Ne1 d5 12. cxd5 cxd5 13. N1c2 Nc6 14. Qd2 a5
15. Rfc1 Be6 16. f4 exf3 17. exf3 h6 18. Bf1 Rfe8 19. Bb5 Bd7 20. Re1 Qd6 21.
a4 Nh7 22. Bf1 Ng5 23. Bg2 Bh3 24. Qd3 Bxg2 25. Kxg2 g6 26. h4 Nh7 27. Qa3 Nb4
28. Ng4 Kg7 29. Nxb4 axb4 30. Qd3 Nf6 31. Ne5 Rac8 32. Rac1 Rc7 33. Rxc7 Qxc7
34. Re2 Rc8 35. Qb5 Qc1 36. Qxb4 Qd1 37. Qd2 Qxa4 38. Qf4 Rc2 39. Kf2 Qb3 40.
Rxc2 Qxc2+ 41. Ke3 Qxb2 42. Nd3 Qb5 43. Qe5 h5 44. g4 hxg4 45. fxg4 Qe8 46. g5
Qxe5+ 47. dxe5 Ng8 48. Kd4 Ne7 49. Nf4 Nf5+ 50. Kxd5 Nxh4 51. Kc5 Nf3 52. e6
fxe6 53. Nxe6+ Kf7 54. Nf4 Nxg5 55. Nxg6 Kxg6 1/2-1/2

[Event "Aut_chT"]
[Site "Jenbach"]
[Date "2003.01.24"]
[Round "6.4"]
[White "Pilz, Dieter"]
[Black "Karner, Christoph"]
[Result "1-0"]
[WhiteElo "2309"]
[BlackElo "2343"]
[PlyCount "71"]
[EventDate "2003.01.23"]

1. e4 c5 2. Nf3 d6 3. Bb5+ Nd7 4. c3 Ngf6 5. Qe2 a6 6. Ba4 g6 7. d4 cxd4 8.
cxd4 Bg7 9. O-O O-O 10. Nc3 b5 11. Bb3 b4 12. e5 dxe5 13. dxe5 bxc3 14. exf6
Nxf6 15. bxc3 Bb7 16. Bb2 Qc7 17. Rfe1 e6 18. c4 Ne4 19. Bxg7 Kxg7 20. Qb2+ Kg8
21. Ne5 f6 22. Ng4 Qf4 23. c5 Qxg4 24. f3 Qf5 25. fxe4 Qxc5+ 26. Kh1 Rae8 27.
Rac1 Qb6 28. Qd2 Rd8 29. Qf4 Rd4 30. h3 f5 31. Qe5 Rd6 32. exf5 Bd5 33. fxe6
Bxg2+ 34. Kh2 Bd5 35. Bxd5 Rf2+ 36. Kh1 1-0

[Event "Aut_chT"]
[Site "Jenbach"]
[Date "2003.01.24"]
[Round "6.4"]
[White "Wittmann, Walter"]
[Black "Ferrari, Josef"]
[Result "1/2-1/2"]
[WhiteElo "2345"]
[BlackElo "2220"]
[PlyCount "39"]
[EventDate "2003.01.23"]

1. e4 e5 2. Nf3 Nc6 3. Bb5 a6 4. Bxc6 dxc6 5. O-O f6 6. d4 exd4 7. Nxd4 c5 8.
Ne2 Qxd1 9. Rxd1 Bd7 10. Bf4 O-O-O 11. Nbc3 Ne7 12. Bg3 g5 13. f3 Bg7 14. Bf2
b6 15. Be3 h6 16. Nd5 Nxd5 17. Rxd5 f5 18. c4 fxe4 19. fxe4 Bxb2 20. Rb1
1/2-1/2

[Event "Aut_chT"]
[Site "Jenbach"]
[Date "2003.01.24"]
[Round "6.4"]
[White "Gerhold, Michael"]
[Black "Singer, Richard"]
[Result "1-0"]
[WhiteElo "2205"]
[BlackElo "2281"]
[PlyCount "53"]
[EventDate "2003.01.23"]

1. d4 Nf6 2. c4 e6 3. Nc3 Bb4 4. Qc2 c5 5. dxc5 Bxc5 6. Nf3 Nc6 7. g3 b6 8. Bg2
Bb7 9. O-O Rc8 10. a3 O-O 11. b4 Be7 12. Rd1 a5 13. b5 Na7 14. Qd3 d5 15. cxd5
Nxd5 16. Ne4 Nc3 17. Nxc3 Rxc3 18. Qd7 Nxb5 19. Bb2 Bxf3 20. Qxb5 Rc5 21. Qxc5
Bxc5 22. Rxd8 Rxd8 23. Bxf3 Rd2 24. Rb1 f6 25. Kf1 Rc2 26. Be4 Rd2 27. Bd3 1-0

[Event "Aut_chT"]
[Site "Jenbach"]
[Date "2003.01.24"]
[Round "6.5"]
[White "Bischoff, Klaus"]
[Black "Varga, Peter"]
[Result "1/2-1/2"]
[WhiteElo "2564"]
[BlackElo "2486"]
[PlyCount "43"]
[EventDate "2003.01.23"]

1. c4 c6 2. d4 d5 3. e3 Nf6 4. Nc3 e6 5. Nf3 Nbd7 6. Qc2 Bd6 7. b3 O-O 8. Be2
dxc4 9. bxc4 e5 10. O-O Re8 11. Rd1 exd4 12. exd4 Nf8 13. h3 Ng6 14. Bf1 Qc7
15. Bg5 Nh5 16. Re1 Bd7 17. c5 Bf8 18. Bc4 Nhf4 19. Bxf4 Qxf4 20. Qb3 b5 21.
cxb6 axb6 22. a4 1/2-1/2